Dīwān-i Ghālib-i Dihlawī : Mushtamil bar ghazaliyyāt u rubāʿiyyāt-i Fārsi /
Mīrzā Asadallāh Khān, better known by his pen-name of Ghālib Dihlawī, is the last one of the great poets of the Mughal era. Born in Agra in 1212/1797, he traced his origins back to Tūrān, his paternal grandfather having emigrated from Transoxania to India during the reign of Shāh ʿĀlam (r. 1759-1806...
المؤلفون الرئيسيون: ,
مؤلفون آخرون:
التنسيق: كتاب الكتروني
اللغة:
English
Arabic
منشور في:
Leiden; Boston :
BRILL,
[2019]
سلاسل:
Miras Maktoob, ISBN: 9789004365452.
الموضوعات:
الوصول للمادة أونلاين: Login to view Source
الوسوم: إضافة وسم
رقم الطلب: H41
| LEADER | 03203nam a22005291i 4500 | ||
|---|---|---|---|
| 001 | BRILL9789004401877 | ||
| 003 | nllekb | ||
| 005 | 20211118221925.0 | ||
| 006 | m d | ||
| 007 | cr un uuuua | ||
| 008 | 200305t20192006ne sb 001 0 eng d | ||
| 020 | |a 9789004401877 |q (electronic book) | ||
| 020 | |a 9789648700299 |q (print) | ||
| 024 | 7 | |a 10.1163/9789004401877 |2 DOI | |
| 035 | |a (OCoLC)1154072101 | ||
| 040 | |a NL-LeKB |c NL-LeKB |e rda | ||
| 041 | 0 | |a ara |b eng | |
| 050 | 4 | |a H41 | |
| 072 | 7 | |a HBJF1 |2 bicssc | |
| 072 | 7 | |a HIS |x 003000 |2 bisacsh | |
| 072 | 7 | |a HIS |x 026000 |2 bisacsh | |
| 082 | 0 | 4 | |a 300.3 |2 23 |
| 100 | 1 | |6 880-01 |a Khān, Mīrzā Asadallāh, |e author. | |
| 880 | 1 | |6 100-01/(3/r |a دهلوی ، میرزا اسدالله خان غالب, |e author. | |
| 245 | 1 | 0 | |6 880-02 |a Dīwān-i Ghālib-i Dihlawī : |b Mushtamil bar ghazaliyyāt u rubāʿiyyāt-i Fārsi / |c by Mīrzā Asadallāh Khān, Ghālib Dihlawī ; (Edited by) Muḥammad Ḥasan Ḥāʿirī. |
| 880 | 1 | 0 | |6 245-02/(3/r |a دیوان غالب دهلوی [مشتمل بر غزلیات و رباعیات فارسی] / |c by میرزا اسدالله خان غالب دهلوي ; (Edited by) محمدحسن حائری. |
| 246 | 3 | |a Mushtamil bar ghazaliyyāt u rubāʿiyyāt-i Fārsi | |
| 264 | 1 | |a Leiden; |a Boston : |b BRILL, |c [2019] | |
| 264 | 4 | |c ©2006 | |
| 300 | |a 1 online resource. | ||
| 336 | |a text |b txt |2 rdacontent | ||
| 337 | |a computer |b c |2 rdamedia | ||
| 338 | |a online resource |2 rdacarrier | ||
| 490 | 1 | |a Miras Maktoob, ISBN: 9789004365452 | |
| 520 | |a Mīrzā Asadallāh Khān, better known by his pen-name of Ghālib Dihlawī, is the last one of the great poets of the Mughal era. Born in Agra in 1212/1797, he traced his origins back to Tūrān, his paternal grandfather having emigrated from Transoxania to India during the reign of Shāh ʿĀlam (r. 1759-1806). While mostly known as one of the foremost Urdu poets, Ghālib's Persian work, poetry and prose, is of comparable quality. In his childhood days, his Persian had been greatly improved thanks to the teachings of a Persian immigrant by the name of ʿAbd al-Ṣamad. But even if Ghālib acknowledged ʿAbd al-Ṣamad's qualities as a teacher and a human being, as a writer of Persian poetry, he regarded his talents as God-given. Ghālib's life was full of drama: an unhappy marriage, the loss of all his children, alcoholism, depression, and years of financial hardship. Plagued by ill health, he died in Delhi, aged 71. | ||
| 546 | |a Arabic. | ||
| 588 | |a Description based on print version record. | ||
| 650 | 0 | |a Persian poetry. | |
| 700 | 1 | |a Dihlawī, Ghālib, |e author. | |
| 700 | 1 | |a Ḥāʿirī, Muḥammad Ḥasan, |e editor. | |
| 776 | 0 | 8 | |i Print version: |t Dīwān-i Ghālib-i Dihlawī : Mushtamil bar ghazaliyyāt u rubāʿiyyāt-i Fārsi. |d Leiden ; Boston : BRILL, 2019 |z 9789648700299 |z (OCoLC)719864689 |
| 830 | 0 | |a Miras Maktoob, ISBN: 9789004365452. | |
| 856 | 4 | |z DOI: |u http://dx.doi.org/10.1163/9789004401877 | |
| 880 | 0 | |6 700-03/(3/r |a محمدحسن حائری. | |
| 942 | |2 lcc |c EBOOK | ||
| 952 | |0 0 |1 0 |2 lcc |4 0 |7 1 |9 22722 |a BRILL |b BRILL |d 2021-11-18 |l 0 |r 2021-11-18 00:00:00 |w 2021-11-18 |y EBOOK | ||
| 999 | |c 40196 |d 40196 | ||
